| 000 | 00525nmm a2200205 a 4500 | ||
|---|---|---|---|
| 003 | AR-BaBNM | ||
| 005 | 20251128210309.0 | ||
| 008 | 109119s1885 ||||||||||||||000 | spa|| | ||
| 040 | _cAR-BaBNM | ||
| 100 | 1 | _aGarnot, X. | |
| 245 | 1 | 0 | _aCondition de l'étranger dans le droit public français |
| 260 |
_aParis _bArthur Rousseau _c1885 |
||
| 300 | 1 | _av, 173 p. | |
| 500 | 0 | _aDonación: Dr. Alfredo Colmo | |
| 650 | 4 | _aEXTRANJEROS | |
| 650 | 4 | _aDERECHO PUBLICO | |
| 651 | 4 | _aFrancia | |
| 942 | _cBK | ||
| 998 | _cMariana | ||
| 999 |
_c14845 _d14845 |
||